| 000 | 00504nam a2200217Ia 4500 | ||
|---|---|---|---|
| 005 | 20250425161943.0 | ||
| 008 | 250425s9999 xx 000 0 und d | ||
| 020 | _a8425214572 | ||
| 041 | _aspa | ||
| 082 | _a760.18 | ||
| 100 | _aRUSSELL, DALE | ||
| 245 | 0 | _aEL LIBRO DE LOS COLORES PASTELES: BIBLIOTECA DEL COLOR | |
| 250 | _a1A ED. | ||
| 260 | _aBARCELONA | ||
| 260 |
_aEspaña _bG. GILI _c1990 |
||
| 300 | _a144 | ||
| 650 | _aARTE | ||
| 650 | _aDISEÑO | ||
| 942 | _c01 | ||
| 010 | _a36819 | ||
| 999 |
_c219549 _d219549 |
||